El último judio. (Registro nro. 2631)
[ vista simple ]
| 000 -LEADER | |
|---|---|
| fixed length control field | 01482nam a2200205 a 4500 |
| 008 - CAMPO DE CONTROL (LIBRO) | |
| fixed length control field | 180206e2001 sp ||||| |||| 00| f spa d |
| 020 ## - INTERNATIONAL STANDARD BOOK NUMBER | |
| ISBN | 8466302263 |
| 041 ## - CODIGO DE IDIOMA | |
| Código de idioma del texto/pista de sonido o título separado | spa |
| 092 ## - SIGNATURA TOPOGRAFICA DEWEY LOCAL | |
| número de clasificación | 808.8 |
| libristica | 30 |
| sección | GOR |
| 100 1# - ENTRADA PRINCIPAL--NOMBRE PERSONAL | |
| Nombre personal | Gordon, Noah |
| 9 (RLIN) | 3488 |
| 245 #3 - TITULO PROPIAMENTE DICHO | |
| Título | El último judio. |
| Subtítulo y Título paralelo | El viaje iniciático de un judio en la España de la inquisición / |
| Mención de responsabilidad y remanente de la transcripción de la portada | Noah Gordon |
| 250 ## - MENCION DE EDICION | |
| Mención de edición | 1a ed. |
| 260 ## - PIE DE IMPRENTA | |
| Lugar de publicación, distribución, etc | Madrid: |
| Nombre de la editorial, distribuidor, etc | Punto de lectura; |
| Fecha de publicación | 2001. |
| 300 ## - DESCRIPCION FISICA | |
| Extension | 588 p. |
| 500 ## - NOTA GENERAL | |
| Nota general | Gordon, N. (2001). El último judío. El viaje iniciático de un judío en la España de la inquisición. (1a ed.). Madrid : Suma de Letras. |
| 505 ## - NOTA DE CONTENIDO | |
| Nota de contenido formateada | "Solo delante de las casas abandonadas, Yonah se sentó a la sombra de un plátano. Trazó distraídamente cuatro puntos en la tierra: uno representaba a los cristianos viejos de España, otro a los moros y el tercero a los cristianos nuevos. El cuarto punto representaba a Yonah ben Helkias Toledano". El último judío toma como punto de partida la expulsión de los judíos en la España del siglo XV y como protagonista al joven Yonah Toledano. Cuando éste es separado de los únicos miembros de su famlia que quedan con vida, se ve forzado a buscar un nuevo lugar donde vivir sin tener que renunciar a sus creencias. Así, inicia un largo periplo por la España de la Inquisición, durante el cual tendrá que recurrir a su ingenio para salvaguardar su secreto. |
| 590 ## - NOTAS LOCALES (RLIN) | |
| Nota local | DONACION MARIA VITARELLI DIC/2017. |
| 655 ## - MATERIA - GENERO/FORMA | |
| Género/Forma | Literatura |
| -- | 2917 |
| 942 ## - ADDED ENTRY ELEMENTS (KOHA) | |
| Source of classification or shelving scheme | Dewey Decimal Classification |
| Item type | LITERATURA |
| Estado de retiro | Existencia | Fuente de clasificación | Estado general | No para prestamo | Ubicación permanente | ubicación actual | Sala de ubicación | Fecha de adquisición | Fuente de adquisición | Total Checkouts | Número de clasificación | Código de barras | Date last seen | Número de ejemplar | Price effective from | Koha tipo de elemento (item) | Public note |
|---|---|---|---|---|---|---|---|---|---|---|---|---|---|---|---|---|---|
| Dewey Decimal Classification | Biblioteca Medicina | Biblioteca Medicina | Circulación | 06/02/2018 | Donacion | 808.8 30 GOR | 4148 | 06/02/2018 | Ej. 1 | 06/02/2018 | LITERATURA | DONACION MARIA VITARELLI DIC/2017. |